Normal view
MARC view
Entry Personal Name
001 - CONTROL NUMBER
- control field: 15883
003 - CONTROL NUMBER IDENTIFIER
- control field: BD-RjUL
005 - DATE AND TIME OF LATEST TRANSACTION
- control field: 20250703141818.0
008 - FIXED-LENGTH DATA ELEMENTS
- fixed length control field: 250703|| aca||aabn | a|a d
040 ## - CATALOGING SOURCE
- Original cataloging agency: BD-RjUL
- Transcribing agency: BD-RjUL
100 ## - HEADING--PERSONAL NAME
- Personal name: :علوى، تنوىر احمد. / ʻAlvī., Tanvīr Aḥmad
670 ## - SOURCE DATA FOUND
- Source citation: Work cat.: (BD-RjUL)85118: :علوى، تنوىر احمد. / ʻAlvī., Tanvīr Aḥmad, ذوق : سوانح اور انتقاد / Z̲auq : savāniḥ aur intiqād /, 1963